Groundwork for social psychology / (Record no. 38229)
[ view plain ]
| 000 -LEADER | |
|---|---|
| fixed length control field | 01321nam a22003017a 4500 |
| 005 - DATE AND TIME OF LATEST TRANSACTION | |
| control field | 20100730122221.0 |
| 010 ## - LCCN (DPL NO) | |
| LC control number | ENG-97165-166 |
| 020 ## - INTERNATIONAL STANDARD BOOK NUMBER | |
| International Standard Book Number | 8183160670 (set) |
| Terms of availability | 1195.00 (set price) |
| 020 ## - INTERNATIONAL STANDARD BOOK NUMBER | |
| International Standard Book Number | 8183160689 (v-1) |
| Terms of availability | 1195.00 (set price) |
| 020 ## - INTERNATIONAL STANDARD BOOK NUMBER | |
| International Standard Book Number | 8183160697 (v-2) |
| Terms of availability | 1195.00 (set price) |
| 035 ## - SYSTEM CONTROL NUMBER | |
| System control number | EN-80698 |
| 035 ## - SYSTEM CONTROL NUMBER | |
| System control number | EN-80699 |
| 037 ## - SOURCE OF ACQUISITION | |
| Source of stock number/acquisition | DBAD/PUB |
| 082 ## - DEWEY DECIMAL CLASSIFICATION NUMBER | |
| Classification number | 302 |
| 100 ## - MAIN ENTRY--PERSONAL NAME | |
| Personal name | Choube, S. P. |
| 245 ## - TITLE STATEMENT | |
| Title | Groundwork for social psychology / |
| Statement of responsibility, etc | by S. P. Choube [and] Akhilesh Choube |
| 260 ## - PUBLICATION, DISTRIBUTION, ETC. (IMPRINT) | |
| Place of publication, distribution, etc | Hyderabad |
| Name of publisher, distributor, etc | Neelkamal Publications |
| Date of publication, distribution, etc | 2006 |
| 270 ## - ADDRESS | |
| Address | Sultan Bazar, Hyderabad |
| City | Hyderabad |
| Postal code | 500095 |
| 300 ## - PHYSICAL DESCRIPTION | |
| Extent | 2V (xxviii, 304p.; xxviii, 624p.) |
| Dimensions | 23cm (Hb) |
| 500 ## - GENERAL NOTE | |
| General note | This book is published in two volumes |
| 500 ## - GENERAL NOTE | |
| General note | Includes bibliographical refrences and index |
| 650 ## - SUBJECT ADDED ENTRY--TOPICAL TERM | |
| Topical term or geographic name as entry element | Psychology |
| 650 ## - SUBJECT ADDED ENTRY--TOPICAL TERM | |
| Topical term or geographic name as entry element | Social phychology |
| 700 ## - ADDED ENTRY--PERSONAL NAME | |
| Personal name | Choube, Akhilesh |
| 9 (RLIN) | 2606 |
| 942 ## - ADDED ENTRY ELEMENTS (KOHA) | |
| Source of classification or shelving scheme | Dewey Decimal Classification |
| Item type | English Books |
| Classification part | 302 |
| Call number suffix | CHA |
| Withdrawn status | Lost status | Materials specified (bound volume or other part) | Not for loan | Collection code | Home library | Current library | Date acquired | Source of acquisition | Cost, normal purchase price | Full call number | Barcode | Copy number | Cost, replacement price | Koha item type |
|---|---|---|---|---|---|---|---|---|---|---|---|---|---|---|
| v.1 | Not For Loan | Non-fiction | D.B.Act.Division | D.B.Act.Division | 30/07/2010 | DBAD/PUB | 1195.00 | 301.15 CHA | EN-80698 | 1 | 1195.00 | English Books | ||
| v.2 | Not For Loan | Non-fiction | D.B.Act.Division | D.B.Act.Division | 30/07/2010 | DBAD/PUB | 1195.00 | 301.15 CHA | EN-80699 | 1 | 1195.00 | English Books |
